Flowers

Bibliographic Details
Main Author: De Bray, Lys
Format: Book
Published: London : The Grange , 1993
Series:Nature facts
Subjects:

MARC

LEADER 00000cam a2200000 7i4500
001 0000002754
002 000002984
005 20060209.0
020 |a 1856273490 
090 0 0 |a 508   |b NAT 
100 1 |a De Bray, Lys 
245 1 0 |a Flowers   |c Lys Bray 
260 |a London :   |b The Grange ,   |c 1993 
300 |a 108p. :   |b ill ;   |c 27cm. 
490 0 |a Nature facts 
650 0 0 |a Flower   |x Juvenile literature 
999 |a 036354   |b BUKU   |c PINJAMAN   |e PERPUSTAKAAN KOMUNITI PETALING JAYA